| 000 | 01032pam a2200301 a 4500 | ||
|---|---|---|---|
| 999 |
_c587 _d587 |
||
| 001 | 2049734 | ||
| 003 | OSt | ||
| 005 | 20230201114831.0 | ||
| 008 | 930511s1994 njua b 001 0 eng | ||
| 010 | _a 93008549 | ||
| 020 | _a0130421693 | ||
| 040 |
_aDLC _cDLC _dDLC |
||
| 050 | 0 | 0 |
_aQR41.2 _b.B77 1994 |
| 082 | 0 | 0 |
_aQW4 T361b 1994 _220 |
| 100 |
_aThomas, D. Brock [et...al] _916437 |
||
| 245 | 0 | 0 | _aBiology of Microorganisms |
| 250 | _a7th ed. | ||
| 260 |
_aNew Jersey: _bPrentice Hall, _cc1994. |
||
| 300 |
_axvii, 909 p. : _bill. (some col.) ; _c29 cm. |
||
| 500 | _aRev. ed. of: Biology of microorganisms / Thomas D. Brock, Michael T. Madigan. 6th ed. c1991. | ||
| 504 | _aIncludes bibliographical references and index. | ||
| 650 | 0 |
_aMicrobiology. _9749 |
|
| 650 | 0 |
_aMicroorganisms _916438 |
|
| 650 | 0 |
_aBiology _95602 |
|
| 906 |
_a7 _bcbc _corignew _d1 _eocip _f19 _gy-gencatlg |
||
| 942 |
_2z _cSLOAN |
||